[Event "IM/GM Round-Robin"]
[Site "Heerlen and Maastricht, NL"]
[Date "2024.05.16"]
[Round "3"]
[White "Van Dael, Siem"]
[Black "Lodici, Lorenzo"]
[Result "0-1"]
[Board "1"]
[WhiteFideId "1049771"]
[BlackFideId "884189"]
[WhiteTitle "FM"]
[BlackTitle "GM"]
[WhiteElo "2275"]
[BlackElo "2563"]
[WhiteTeam "NED"]
[BlackTeam "ITA"]
[WhiteClock "0:00:16"]
[BlackClock "0:26:27"]
[Variant "Standard"]

1. e4 {[%clk 2:00:26]}  e5 {[%clk 1:59:26]} 2. Nf3 {[%clk 2:00:36]}  Nc6 {[%clk 1:59:38]} 3. Bc4 {[%clk 2:00:45]}  Nf6 {[%clk 1:59:48]} 4. Ng5 {[%clk 2:00:23]}  d5 {[%clk 1:59:49]} 5. exd5 {[%clk 2:00:32]}  Na5 {[%clk 2:00:02]} 6. Bb5+ {[%clk 2:00:39]}  Bd7 {[%clk 1:59:12]} 7. Qe2 {[%clk 2:00:48]}  Be7 {[%clk 1:59:25]} 8. Nc3 {[%clk 1:58:47]}  O-O {[%clk 1:59:16]} 9. Bxd7 {[%clk 1:54:51]}  Qxd7 {[%clk 1:58:59]} 10. d3 {[%clk 1:54:53]}  Rfe8 {[%clk 1:50:31]} 11. O-O {[%clk 1:54:33]}  Bf8 {[%clk 1:50:03]} 12. Re1 {[%clk 1:50:14]}  Rad8 {[%clk 1:44:44]} 13. Bd2 {[%clk 1:49:34]}  b6 {[%clk 1:37:27]} 14. Qf3 {[%clk 1:43:47]}  Nxd5 {[%clk 1:28:21]} 15. Nxd5 {[%clk 1:32:22]}  Qxd5 {[%clk 1:28:28]} 16. Qf5 {[%clk 1:25:15]}  g6 {[%clk 1:28:35]} 17. Qh3 {[%clk 1:25:26]}  h6 {[%clk 1:17:08]} 18. Nf3 {[%clk 1:15:26]}  h5 {[%clk 1:15:23]} 19. Re4 {[%clk 1:03:33]}  Nc6 {[%clk 1:04:46]} 20. Rae1 {[%clk 1:00:03]}  Bg7 {[%clk 0:59:35]} 21. Qg3 {[%clk 0:47:23]}  Ne7 {[%clk 0:53:20]} 22. Bc3 {[%clk 0:36:39]}  Nf5 {[%clk 0:52:59]} 23. Qg5 {[%clk 0:36:32]}  Re6 {[%clk 0:47:27]} 24. Qc1 {[%clk 0:00:31]}  f6 {[%clk 0:44:51]} 25. R4e2 {[%clk 0:00:19]}  Qxa2 {[%clk 0:33:13]} 26. b3 {[%clk 0:00:23]}  c5 {[%clk 0:32:54]} 27. Re4 {[%clk 0:00:34]}  Qa6 {[%clk 0:32:55]} 28. b4 {[%clk 0:00:16]}  cxb4 {[%clk 0:31:43]} 29. Bxb4 {[%clk 0:00:22]}  Rc6 {[%clk 0:31:28]} 30. Qb2 {[%clk 0:00:31]}  Kh7 {[%clk 0:31:15]} 31. Qb3 {[%clk 0:00:33]}  Rd7 {[%clk 0:30:42]} 32. h4 {[%clk 0:00:39]}  Qc8 {[%clk 0:30:22]} 33. R1e2 {[%clk 0:00:17]}  Qg8 {[%clk 0:29:33]} 34. Qa4 {[%clk 0:00:28]}  Rdc7 {[%clk 0:29:18]} 35. g3 {[%clk 0:00:16]}  a5 {[%clk 0:26:38]} 36. Ba3 {[%clk 0:00:17]}  Qa2 {[%clk 0:26:48]} 37. c4 {[%clk 0:00:17]}  Qb1+ {[%clk 0:26:58]} 38. Ne1 {[%clk 0:00:22]}  Nd4 {[%clk 0:26:36]} 39. Rb2 {[%clk 0:00:36]}  Qa1 {[%clk 0:26:32]} 40. Kf1 {[%clk 0:00:20]}  Bf8 {[%clk 0:26:25]} 41. c5 {[%clk 0:00:16]}  Bxc5 {[%clk 0:26:27]} 0-1

[Event "IM/GM Round-Robin"]
[Site "Heerlen and Maastricht, NL"]
[Date "2024.05.16"]
[Round "3"]
[White "Vandenbussche, Thibaut"]
[Black "Kramer, Julian"]
[Result "1/2-1/2"]
[Board "2"]
[WhiteFideId "204412"]
[BlackFideId "12921742"]
[WhiteTitle "IM"]
[BlackTitle "IM"]
[WhiteElo "2424"]
[BlackElo "2479"]
[WhiteTeam "BEL"]
[BlackTeam "GER"]
[WhiteClock "0:00:34"]
[BlackClock "0:04:33"]
[Variant "Standard"]

1. e4 {[%clk 2:00:27]}  e6 {[%clk 2:00:25]} 2. d4 {[%clk 2:00:37]}  d5 {[%clk 2:00:36]} 3. e5 {[%clk 2:00:49]}  c5 {[%clk 2:00:47]} 4. c3 {[%clk 2:01:01]}  Qb6 {[%clk 2:00:57]} 5. Nf3 {[%clk 2:01:05]}  Bd7 {[%clk 2:01:07]} 6. Be2 {[%clk 2:00:28]}  Bb5 {[%clk 2:01:13]} 7. dxc5 {[%clk 2:00:15]}  Bxc5 {[%clk 2:01:21]} 8. O-O {[%clk 2:00:22]}  a5 {[%clk 2:01:29]} 9. Bxb5+ {[%clk 1:54:31]}  Qxb5 {[%clk 2:01:38]} 10. Nd4 {[%clk 1:53:03]}  Qd7 {[%clk 1:49:02]} 11. Qg4 {[%clk 1:49:51]}  Bf8 {[%clk 1:48:08]} 12. Na3 {[%clk 1:42:03]}  Nc6 {[%clk 1:42:40]} 13. Nab5 {[%clk 1:42:10]}  Nxd4 {[%clk 1:42:27]} 14. Nxd4 {[%clk 1:42:20]}  a4 {[%clk 1:41:05]} 15. Be3 {[%clk 1:35:37]}  Ne7 {[%clk 1:39:24]} 16. Rfd1 {[%clk 1:33:17]}  Ng6 {[%clk 1:33:58]} 17. Qh5 {[%clk 1:29:12]}  Rc8 {[%clk 1:32:27]} 18. Rac1 {[%clk 1:28:18]}  Be7 {[%clk 1:25:53]} 19. c4 {[%clk 1:24:50]}  O-O {[%clk 1:22:28]} 20. Nf3 {[%clk 1:24:02]}  Rc6 {[%clk 1:12:41]} 21. Qg4 {[%clk 1:18:22]}  Rd8 {[%clk 0:57:50]} 22. h4 {[%clk 1:03:01]}  f5 {[%clk 0:56:30]} 23. exf6 {[%clk 1:00:49]}  Bxf6 {[%clk 0:56:40]} 24. Bg5 {[%clk 0:58:14]}  Bxg5 {[%clk 0:50:29]} 25. Qxg5 {[%clk 0:57:09]}  Qe7 {[%clk 0:50:09]} 26. Qg4 {[%clk 0:52:27]}  Qf6 {[%clk 0:32:34]} 27. cxd5 {[%clk 0:39:16]}  exd5 {[%clk 0:32:44]} 28. Nd4 {[%clk 0:37:55]}  Rxc1 {[%clk 0:25:59]} 29. Rxc1 {[%clk 0:38:08]}  Rf8 {[%clk 0:25:34]} 30. Qe6+ {[%clk 0:35:25]}  Qxe6 {[%clk 0:25:32]} 31. Nxe6 {[%clk 0:35:38]}  Re8 {[%clk 0:25:40]} 32. Nd4 {[%clk 0:26:56]}  Nxh4 {[%clk 0:23:35]} 33. Rc5 {[%clk 0:25:22]}  Re1+ {[%clk 0:22:22]} 34. Kh2 {[%clk 0:25:35]}  Rd1 {[%clk 0:22:23]} 35. Rxd5 {[%clk 0:24:24]}  Kf7 {[%clk 0:17:44]} 36. Rd6 {[%clk 0:22:07]}  Ng6 {[%clk 0:05:30]} 37. Nb5 {[%clk 0:21:01]}  Rxd6 {[%clk 0:03:55]} 38. Nxd6+ {[%clk 0:21:12]}  Ke6 {[%clk 0:04:08]} 39. Nxb7 {[%clk 0:20:57]}  Kd5 {[%clk 0:04:23]} 40. Na5 {[%clk 0:17:41]}  Ne5 {[%clk 0:04:33]} 41. b3 {[%clk 0:16:58]}  a3 {[%clk 0:04:30]} 42. f4 {[%clk 0:16:24]}  Nd3 {[%clk 0:04:44]} 43. Nc4 {[%clk 0:16:10]}  Nxf4 {[%clk 0:04:45]} 44. Nxa3 {[%clk 0:16:15]}  Nd3 {[%clk 0:04:59]} 45. Nb5 {[%clk 0:08:53]}  Nc1 {[%clk 0:05:00]} 46. Nc7+ {[%clk 0:08:42]}  Kc5 {[%clk 0:04:18]} 47. Ne6+ {[%clk 0:08:37]}  Kb4 {[%clk 0:04:33]} 48. Nxg7 {[%clk 0:08:26]}  Nxa2 {[%clk 0:04:46]} 49. Kg3 {[%clk 0:06:52]}  Kxb3 {[%clk 0:05:00]} 50. Kf4 {[%clk 0:06:39]}  Kc4 {[%clk 0:05:13]} 51. Ne8 {[%clk 0:06:12]}  Kd5 {[%clk 0:04:28]} 52. Kf5 {[%clk 0:06:07]}  Nc3 {[%clk 0:04:33]} 53. Nf6+ {[%clk 0:04:54]}  Kd6 {[%clk 0:04:43]} 54. Nxh7 {[%clk 0:04:23]}  Ke7 {[%clk 0:04:57]} 55. Nf6 {[%clk 0:04:07]}  Kf7 {[%clk 0:04:59]} 56. g4 {[%clk 0:03:53]}  Ne2 {[%clk 0:05:10]} 57. Nd7 {[%clk 0:02:21]}  Nd4+ {[%clk 0:04:48]} 58. Ke4 {[%clk 0:02:18]}  Ne6 {[%clk 0:04:55]} 59. Ke5 {[%clk 0:01:48]}  Ng5 {[%clk 0:04:36]} 60. Kf5 {[%clk 0:01:54]}  Nh3 {[%clk 0:04:01]} 61. Ne5+ {[%clk 0:01:27]}  Kg7 {[%clk 0:04:09]} 62. Nf3 {[%clk 0:01:17]}  Kf7 {[%clk 0:04:17]} 63. Nd4 {[%clk 0:01:05]}  Kg7 {[%clk 0:04:21]} 64. Ne6+ {[%clk 0:01:01]}  Kf7 {[%clk 0:04:31]} 65. Nc5 {[%clk 0:00:42]}  Kg7 {[%clk 0:04:28]} 66. Nd3 {[%clk 0:00:32]}  Kf7 {[%clk 0:04:27]} 67. Ke4 {[%clk 0:00:24]}  Kg6 {[%clk 0:04:17]} 68. Kf3 {[%clk 0:00:25]}  Ng5+ {[%clk 0:04:19]} 69. Kf4 {[%clk 0:00:36]}  Nh3+ {[%clk 0:04:27]} 70. Kg3 {[%clk 0:00:49]}  Ng5 {[%clk 0:04:38]} 71. Nf4+ {[%clk 0:00:59]}  Kf6 {[%clk 0:04:47]} 72. Kh4 {[%clk 0:01:13]}  Ne4 {[%clk 0:04:35]} 73. Kh5 {[%clk 0:01:22]}  Ke5 {[%clk 0:04:07]} 74. Nd3+ {[%clk 0:01:16]}  Kd4 {[%clk 0:04:09]} 75. Nb4 {[%clk 0:00:27]}  Nf6+ {[%clk 0:04:20]} 76. Kg5 {[%clk 0:00:38]}  Nxg4 {[%clk 0:04:33]} 77. Kxg4 {[%clk 0:00:34]} 1/2-1/2

[Event "IM/GM Round-Robin"]
[Site "Heerlen and Maastricht, NL"]
[Date "2024.05.16"]
[Round "3"]
[White "Pham, Khoi"]
[Black "Ernst, Sipke"]
[Result "1-0"]
[Board "3"]
[WhiteFideId "1054988"]
[BlackFideId "1004689"]
[WhiteTitle "FM"]
[BlackTitle "GM"]
[WhiteElo "2399"]
[BlackElo "2528"]
[WhiteTeam "NED"]
[BlackTeam "NED"]
[WhiteClock "0:17:32"]
[BlackClock "0:06:18"]
[Variant "Standard"]

1. Nf3 {[%clk 2:00:21]}  Nf6 {[%clk 2:00:19]} 2. g3 {[%clk 1:59:47]}  c5 {[%clk 2:00:06]} 3. Bg2 {[%clk 1:59:09]}  Nc6 {[%clk 1:58:18]} 4. O-O {[%clk 1:58:34]}  d5 {[%clk 1:55:21]} 5. d4 {[%clk 1:57:17]}  cxd4 {[%clk 1:54:38]} 6. Nxd4 {[%clk 1:57:24]}  e5 {[%clk 1:54:46]} 7. Nxc6 {[%clk 1:57:17]}  bxc6 {[%clk 1:54:56]} 8. c4 {[%clk 1:56:33]}  Be7 {[%clk 1:53:56]} 9. Nc3 {[%clk 1:55:53]}  d4 {[%clk 1:46:52]} 10. Bxc6+ {[%clk 1:49:44]}  Bd7 {[%clk 1:47:03]} 11. Bxa8 {[%clk 1:47:39]}  Qxa8 {[%clk 1:47:11]} 12. Nd5 {[%clk 1:45:58]}  Nxd5 {[%clk 1:47:21]} 13. cxd5 {[%clk 1:46:06]}  Qxd5 {[%clk 1:47:25]} 14. f3 {[%clk 1:40:59]}  O-O {[%clk 1:42:14]} 15. Qb3 {[%clk 1:32:38]}  Qa8 {[%clk 1:36:47]} 16. Bd2 {[%clk 1:31:42]}  Rb8 {[%clk 1:28:02]} 17. Qc2 {[%clk 1:30:53]}  Bb5 {[%clk 1:19:47]} 18. Kf2 {[%clk 1:17:19]}  Qd5 {[%clk 0:55:01]} 19. Rfc1 {[%clk 0:51:14]}  d3 {[%clk 0:36:09]} 20. Qc7 {[%clk 0:50:13]}  Re8 {[%clk 0:33:38]} 21. e4 {[%clk 0:48:55]}  Qd4+ {[%clk 0:33:38]} 22. Kg2 {[%clk 0:49:04]}  Bb4 {[%clk 0:30:39]} 23. Bc3 {[%clk 0:42:16]}  Bxc3 {[%clk 0:30:40]} 24. Qxc3 {[%clk 0:42:23]}  d2 {[%clk 0:27:17]} 25. Rd1 {[%clk 0:42:17]}  Qxc3 {[%clk 0:14:58]} 26. bxc3 {[%clk 0:42:26]}  Rd8 {[%clk 0:15:11]} 27. Kf2 {[%clk 0:41:53]}  Ba4 {[%clk 0:14:21]} 28. Ke2 {[%clk 0:40:44]}  Bb5+ {[%clk 0:13:43]} 29. Kf2 {[%clk 0:40:48]}  Ba4 {[%clk 0:13:54]} 30. Ke3 {[%clk 0:40:58]}  Bxd1 {[%clk 0:14:06]} 31. Rxd1 {[%clk 0:41:09]}  Kf8 {[%clk 0:13:10]} 32. Rxd2 {[%clk 0:41:13]}  Rc8 {[%clk 0:13:23]} 33. Kd3 {[%clk 0:41:08]}  Ke7 {[%clk 0:13:36]} 34. Kc2 {[%clk 0:40:11]}  Ke6 {[%clk 0:13:46]} 35. Rd5 {[%clk 0:39:33]}  Rc6 {[%clk 0:13:43]} 36. a4 {[%clk 0:38:10]}  f5 {[%clk 0:13:25]} 37. Kd3 {[%clk 0:34:34]}  fxe4+ {[%clk 0:13:28]} 38. fxe4 {[%clk 0:34:43]}  Rb6 {[%clk 0:13:31]} 39. Kc4 {[%clk 0:30:02]}  g5 {[%clk 0:10:38]} 40. Ra5 {[%clk 0:27:47]}  a6 {[%clk 0:10:12]} 41. Rc5 {[%clk 0:26:05]}  h5 {[%clk 0:08:38]} 42. h4 {[%clk 0:21:36]}  g4 {[%clk 0:08:51]} 43. a5 {[%clk 0:20:41]}  Rb1 {[%clk 0:06:42]} 44. Rc6+ {[%clk 0:20:41]}  Kd7 {[%clk 0:06:53]} 45. Rxa6 {[%clk 0:20:04]}  Rg1 {[%clk 0:06:30]} 46. Rh6 {[%clk 0:19:45]}  Rxg3 {[%clk 0:06:42]} 47. Rxh5 {[%clk 0:19:55]}  Rh3 {[%clk 0:06:47]} 48. a6 {[%clk 0:18:31]}  Kc7 {[%clk 0:06:42]} 49. Rxe5 {[%clk 0:17:20]}  Rxh4 {[%clk 0:06:55]} 50. Re7+ {[%clk 0:17:27]}  Kb8 {[%clk 0:06:50]} 51. Rg7 {[%clk 0:17:22]}  g3 {[%clk 0:06:18]} 52. Kd4 {[%clk 0:17:32]} 1-0

[Event "IM/GM Round-Robin"]
[Site "Heerlen and Maastricht, NL"]
[Date "2024.05.16"]
[Round "3"]
[White "Feuerstack, Aljoscha"]
[Black "Fier, Alexandr"]
[Result "1/2-1/2"]
[Board "4"]
[WhiteFideId "4681932"]
[BlackFideId "2107139"]
[WhiteTitle "IM"]
[BlackTitle "GM"]
[WhiteElo "2487"]
[BlackElo "2574"]
[WhiteTeam "GER"]
[BlackTeam "BRA"]
[WhiteClock "0:01:35"]
[BlackClock "0:20:47"]
[Variant "Standard"]

1. e4 {[%clk 2:00:26]}  c5 {[%clk 2:00:25]} 2. c3 {[%clk 2:00:36]}  Nf6 {[%clk 2:00:36]} 3. e5 {[%clk 2:00:47]}  Nd5 {[%clk 2:00:48]} 4. Bc4 {[%clk 2:00:58]}  Nb6 {[%clk 2:00:04]} 5. Bb3 {[%clk 2:01:08]}  c4 {[%clk 1:57:33]} 6. Bc2 {[%clk 2:01:17]}  d6 {[%clk 1:57:45]} 7. Nf3 {[%clk 1:59:58]}  dxe5 {[%clk 1:56:57]} 8. Nxe5 {[%clk 2:00:07]}  Qd5 {[%clk 1:57:09]} 9. Qe2 {[%clk 2:00:05]}  f6 {[%clk 1:54:02]} 10. Nf3 {[%clk 1:59:06]}  Qe6 {[%clk 1:54:12]} 11. d4 {[%clk 1:58:14]}  cxd3 {[%clk 1:54:23]} 12. Bxd3 {[%clk 1:58:22]}  Qxe2+ {[%clk 1:54:35]} 13. Kxe2 {[%clk 1:57:33]}  e5 {[%clk 1:54:24]} 14. Rd1 {[%clk 1:56:48]}  Nc6 {[%clk 1:53:31]} 15. Be3 {[%clk 1:54:32]}  Nd5 {[%clk 1:50:46]} 16. Be4 {[%clk 1:54:10]}  Nxe3 {[%clk 1:50:54]} 17. fxe3 {[%clk 1:54:17]}  Bd7 {[%clk 1:49:52]} 18. c4 {[%clk 1:52:41]}  f5 {[%clk 1:43:14]} 19. Bxc6 {[%clk 1:51:54]}  Bxc6 {[%clk 1:43:17]} 20. Nc3 {[%clk 1:44:14]}  Rc8 {[%clk 1:39:58]} 21. e4 {[%clk 1:34:47]}  Bxe4 {[%clk 1:27:56]} 22. Nxe4 {[%clk 1:34:37]}  fxe4 {[%clk 1:28:07]} 23. Nxe5 {[%clk 1:34:46]}  Rc5 {[%clk 1:28:14]} 24. Rd5 {[%clk 1:27:38]}  Rxd5 {[%clk 1:28:21]} 25. cxd5 {[%clk 1:27:48]}  Bd6 {[%clk 1:28:34]} 26. Ng4 {[%clk 1:20:33]}  Rf8 {[%clk 1:21:04]} 27. Nf2 {[%clk 1:08:27]}  Bxh2 {[%clk 1:20:07]} 28. Nxe4 {[%clk 1:08:33]}  Be5 {[%clk 1:20:15]} 29. Rd1 {[%clk 0:56:16]}  b6 {[%clk 1:15:26]} 30. b4 {[%clk 0:55:37]}  Kd7 {[%clk 1:15:18]} 31. Rd3 {[%clk 0:52:51]}  Rf4 {[%clk 1:13:18]} 32. Ke3 {[%clk 0:52:26]}  Rf1 {[%clk 1:13:29]} 33. Nd2 {[%clk 0:32:37]}  Rc1 {[%clk 1:08:42]} 34. Nf3 {[%clk 0:26:41]}  Bd6 {[%clk 1:07:24]} 35. a3 {[%clk 0:25:06]}  Ra1 {[%clk 1:06:39]} 36. Ng5 {[%clk 0:22:03]}  h5 {[%clk 1:00:04]} 37. Ne6 {[%clk 0:21:04]}  Be5 {[%clk 0:59:08]} 38. Ke4 {[%clk 0:20:28]}  Kd6 {[%clk 0:58:58]} 39. Kf5 {[%clk 0:16:24]}  Bb2 {[%clk 0:57:34]} 40. Ng5 {[%clk 0:12:01]}  Kd7 {[%clk 0:54:43]} 41. Ne4 {[%clk 0:09:06]}  Bxa3 {[%clk 0:52:16]} 42. Rb3 {[%clk 0:09:15]}  Ra2 {[%clk 0:52:27]} 43. g3 {[%clk 0:07:40]}  Bb2 {[%clk 0:52:04]} 44. Kg6 {[%clk 0:06:41]}  Be5 {[%clk 0:52:14]} 45. Rf3 {[%clk 0:05:38]}  Re2 {[%clk 0:52:07]} 46. Rf7+ {[%clk 0:05:30]}  Ke8 {[%clk 0:50:58]} 47. Ng5 {[%clk 0:05:40]}  Re3 {[%clk 0:44:37]} 48. Rxa7 {[%clk 0:05:22]}  Rxg3 {[%clk 0:44:50]} 49. Kf5 {[%clk 0:03:42]}  Bf6 {[%clk 0:40:44]} 50. Ne4 {[%clk 0:03:41]}  Rf3+ {[%clk 0:40:56]} 51. Ke6 {[%clk 0:03:36]}  Re3 {[%clk 0:41:06]} 52. Kf5 {[%clk 0:03:15]}  Bd4 {[%clk 0:30:21]} 53. d6 {[%clk 0:01:57]}  g6+ {[%clk 0:27:45]} 54. Kf4 {[%clk 0:02:11]}  Re1 {[%clk 0:27:55]} 55. Ra8+ {[%clk 0:01:56]}  Kd7 {[%clk 0:28:05]} 56. Ra7+ {[%clk 0:02:06]}  Kc6 {[%clk 0:26:55]} 57. d7 {[%clk 0:01:00]}  Rf1+ {[%clk 0:27:07]} 58. Kg5 {[%clk 0:00:44]}  Rf8 {[%clk 0:27:18]} 59. Kxg6 {[%clk 0:00:46]}  h4 {[%clk 0:27:30]} 60. b5+ {[%clk 0:00:31]}  Kd5 {[%clk 0:25:38]} 61. Ng5 {[%clk 0:00:45]}  Bc5 {[%clk 0:25:33]} 62. Nf7 {[%clk 0:00:26]}  Be7 {[%clk 0:25:21]} 63. Kg7 {[%clk 0:00:33]}  Rb8 {[%clk 0:24:08]} 64. Rc7 {[%clk 0:00:19]}  h3 {[%clk 0:23:19]} 65. Rc3 {[%clk 0:00:24]}  h2 {[%clk 0:22:43]} 66. Rh3 {[%clk 0:00:33]}  Ke6 {[%clk 0:22:56]} 67. Rh6+ {[%clk 0:00:19]}  Kxd7 {[%clk 0:23:07]} 68. Ne5+ {[%clk 0:00:25]}  Kc7 {[%clk 0:22:53]} 69. Rxh2 {[%clk 0:00:38]}  Kd6 {[%clk 0:21:43]} 70. Nc6 {[%clk 0:00:46]}  Rb7 {[%clk 0:21:56]} 71. Kg6 {[%clk 0:00:46]}  Bf8 {[%clk 0:21:49]} 72. Nd8 {[%clk 0:00:33]}  Rb8 {[%clk 0:20:30]} 73. Nc6 {[%clk 0:00:34]}  Ra8 {[%clk 0:20:04]} 74. Kf7 {[%clk 0:00:39]}  Kc5 {[%clk 0:20:14]} 75. Rh5+ {[%clk 0:00:49]}  Kc4 {[%clk 0:20:25]} 76. Ne5+ {[%clk 0:00:57]}  Kb4 {[%clk 0:20:08]} 77. Rh8 {[%clk 0:00:59]}  Kxb5 {[%clk 0:20:11]} 78. Rxf8 {[%clk 0:00:57]}  Rxf8+ {[%clk 0:20:23]} 79. Kxf8 {[%clk 0:01:09]}  Ka5 {[%clk 0:20:35]} 80. Nc4+ {[%clk 0:01:22]}  Ka6 {[%clk 0:20:47]} 81. Nxb6 {[%clk 0:01:35]} 1/2-1/2

[Event "IM/GM Round-Robin"]
[Site "Heerlen and Maastricht, NL"]
[Date "2024.05.16"]
[Round "3"]
[White "De Winter, Arthur"]
[Black "Van Meegen, Ruud"]
[Result "0-1"]
[Board "5"]
[WhiteFideId "1069020"]
[BlackFideId "1034995"]
[WhiteTitle "IM"]
[BlackTitle "FM"]
[WhiteElo "2407"]
[BlackElo "2291"]
[WhiteTeam "NED"]
[BlackTeam "NED"]
[WhiteClock "0:14:01"]
[BlackClock "0:11:38"]
[Variant "Standard"]

1. e4 {[%clk 2:00:27]}  c6 {[%clk 2:00:24]} 2. d4 {[%clk 2:00:40]}  d5 {[%clk 2:00:35]} 3. e5 {[%clk 2:00:53]}  Bf5 {[%clk 2:00:25]} 4. Nf3 {[%clk 2:00:21]}  e6 {[%clk 2:00:29]} 5. Be2 {[%clk 2:00:30]}  Nd7 {[%clk 2:00:31]} 6. O-O {[%clk 2:00:15]}  a5 {[%clk 2:00:19]} 7. a4 {[%clk 1:59:38]}  f6 {[%clk 2:00:08]} 8. Re1 {[%clk 1:38:20]}  fxe5 {[%clk 1:56:40]} 9. dxe5 {[%clk 1:38:26]}  Bc5 {[%clk 1:56:00]} 10. Bd3 {[%clk 1:24:20]}  Qb6 {[%clk 1:42:35]} 11. Bxf5 {[%clk 1:16:31]}  Bxf2+ {[%clk 1:41:48]} 12. Kh1 {[%clk 1:16:41]}  exf5 {[%clk 1:41:55]} 13. Re2 {[%clk 1:14:47]}  Ne7 {[%clk 1:38:45]} 14. Bg5 {[%clk 1:11:31]}  Bc5 {[%clk 1:36:20]} 15. c4 {[%clk 1:10:19]}  d4 {[%clk 1:23:15]} 16. Nbd2 {[%clk 1:09:02]}  d3 {[%clk 1:10:03]} 17. Re1 {[%clk 1:09:05]}  Bb4 {[%clk 0:54:34]} 18. e6 {[%clk 0:41:00]}  Nc5 {[%clk 0:41:52]} 19. Ne5 {[%clk 0:33:04]}  Ng6 {[%clk 0:30:13]} 20. Qh5 {[%clk 0:24:19]}  O-O {[%clk 0:30:13]} 21. e7 {[%clk 0:24:17]}  Nxe7 {[%clk 0:27:42]} 22. Bxe7 {[%clk 0:23:00]}  Bxd2 {[%clk 0:27:49]} 23. Bxf8 {[%clk 0:22:31]}  Rxf8 {[%clk 0:27:54]} 24. Red1 {[%clk 0:22:19]}  Qxb2 {[%clk 0:23:25]} 25. Nxd3 {[%clk 0:22:17]}  Nxd3 {[%clk 0:22:38]} 26. Qe2 {[%clk 0:22:31]}  Rd8 {[%clk 0:21:12]} 27. Rab1 {[%clk 0:21:08]}  Qc2 {[%clk 0:19:12]} 28. h4 {[%clk 0:16:03]}  Nf4 {[%clk 0:12:49]} 29. Qe7 {[%clk 0:14:01]}  Rf8 {[%clk 0:11:49]} 30. Qxb7 {[%clk 0:14:13]}  Be3 {[%clk 0:11:35]} 31. Qxc6 {[%clk 0:14:01]}  Qf2 {[%clk 0:11:38]} 0-1

[Event "IM/GM Round-Robin"]
[Site "Heerlen and Maastricht, NL"]
[Date "2024.05.17"]
[Round "4"]
[White "Lodici, Lorenzo"]
[Black "Van Meegen, Ruud"]
[Result "1-0"]
[Board "1"]
[WhiteFideId "884189"]
[BlackFideId "1034995"]
[WhiteTitle "GM"]
[BlackTitle "FM"]
[WhiteElo "2563"]
[BlackElo "2291"]
[WhiteTeam "ITA"]
[BlackTeam "NED"]
[WhiteClock "0:08:32"]
[BlackClock "0:00:21"]
[Variant "Standard"]

1. d4 {[%clk 2:00:26]}  d5 {[%clk 2:00:22]} 2. c4 {[%clk 2:00:37]}  e6 {[%clk 2:00:32]} 3. Nc3 {[%clk 2:00:47]}  Nf6 {[%clk 2:00:41]} 4. cxd5 {[%clk 1:59:31]}  exd5 {[%clk 2:00:50]} 5. Bg5 {[%clk 1:59:44]}  c6 {[%clk 1:59:39]} 6. Qc2 {[%clk 1:59:54]}  Be7 {[%clk 1:58:46]} 7. e3 {[%clk 1:59:59]}  Nbd7 {[%clk 1:57:29]} 8. Bd3 {[%clk 2:00:04]}  Nh5 {[%clk 1:57:32]} 9. Bxe7 {[%clk 2:00:14]}  Qxe7 {[%clk 1:57:42]} 10. Nge2 {[%clk 2:00:24]}  Nb6 {[%clk 1:56:48]} 11. Ng3 {[%clk 1:57:45]}  Nf4 {[%clk 1:47:50]} 12. Bf1 {[%clk 1:57:44]}  g6 {[%clk 1:47:43]} 13. h4 {[%clk 1:50:06]}  Ne6 {[%clk 1:30:37]} 14. O-O-O {[%clk 1:48:47]}  Bd7 {[%clk 1:26:48]} 15. h5 {[%clk 1:48:11]}  O-O-O {[%clk 1:25:51]} 16. Kb1 {[%clk 1:47:21]}  Kb8 {[%clk 1:25:48]} 17. Bd3 {[%clk 1:41:27]}  Rc8 {[%clk 1:20:36]} 18. Rc1 {[%clk 1:38:15]}  Rhd8 {[%clk 1:15:44]} 19. Qe2 {[%clk 1:16:55]}  c5 {[%clk 1:07:54]} 20. Qf3 {[%clk 1:14:00]}  Bc6 {[%clk 0:47:53]} 21. Nge2 {[%clk 1:11:04]}  Ka8 {[%clk 0:44:24]} 22. g4 {[%clk 1:08:37]}  Na4 {[%clk 0:39:21]} 23. Nxa4 {[%clk 0:48:01]}  Bxa4 {[%clk 0:39:30]} 24. dxc5 {[%clk 0:45:58]}  Nxc5 {[%clk 0:32:34]} 25. Bc2 {[%clk 0:46:08]}  Bxc2+ {[%clk 0:31:45]} 26. Rxc2 {[%clk 0:46:18]}  Nd3 {[%clk 0:30:48]} 27. Nc3 {[%clk 0:34:14]}  Ne5 {[%clk 0:13:09]} 28. Nxd5 {[%clk 0:26:11]}  Qd6 {[%clk 0:13:13]} 29. Rxc8+ {[%clk 0:25:24]}  Rxc8 {[%clk 0:13:24]} 30. Qd1 {[%clk 0:24:06]}  Qc5 {[%clk 0:10:05]} 31. Nc3 {[%clk 0:20:47]}  Qb4 {[%clk 0:08:02]} 32. hxg6 {[%clk 0:16:09]}  hxg6 {[%clk 0:07:36]} 33. g5 {[%clk 0:16:20]}  Nc4 {[%clk 0:06:50]} 34. Qc1 {[%clk 0:16:34]}  a5 {[%clk 0:05:13]} 35. Rd1 {[%clk 0:15:36]}  a4 {[%clk 0:01:49]} 36. Rd4 {[%clk 0:15:11]}  Qc5 {[%clk 0:00:58]} 37. a3 {[%clk 0:10:48]}  Ka7 {[%clk 0:00:23]} 38. Qc2 {[%clk 0:10:22]}  Nxa3+ {[%clk 0:00:22]} 39. bxa3 {[%clk 0:10:33]}  Qxc3 {[%clk 0:00:32]} 40. Rxa4+ {[%clk 0:10:15]}  Kb8 {[%clk 0:00:26]} 41. Qxc3 {[%clk 0:09:29]}  Rxc3 {[%clk 0:00:38]} 42. Rf4 {[%clk 0:09:38]}  Rc5 {[%clk 0:00:25]} 43. Rxf7 {[%clk 0:09:49]}  Rxg5 {[%clk 0:00:37]} 44. Kc2 {[%clk 0:09:45]}  Ka7 {[%clk 0:00:38]} 45. Rf6 {[%clk 0:08:54]}  b6 {[%clk 0:00:30]} 46. f4 {[%clk 0:08:48]}  Rg3 {[%clk 0:00:19]} 47. Kd3 {[%clk 0:08:39]}  Ka6 {[%clk 0:00:29]} 48. Kd4 {[%clk 0:08:43]}  Ka5 {[%clk 0:00:31]} 49. e4 {[%clk 0:08:39]}  b5 {[%clk 0:00:22]} 50. e5 {[%clk 0:08:26]}  Rxa3 {[%clk 0:00:19]} 51. Rxg6 {[%clk 0:08:21]}  Ra4+ {[%clk 0:00:24]} 52. Ke3 {[%clk 0:08:32]}  b4 {[%clk 0:00:26]} 53. e6 {[%clk 0:08:29]}  Ra1 {[%clk 0:00:30]} 54. Rg2 {[%clk 0:08:18]}  Re1+ {[%clk 0:00:21]} 55. Re2 {[%clk 0:08:32]} 1-0